000 00456nmm a2200157Ia 4500
008 251105s9999||||xx |||||||||||||||||und||
020 _a9781558850781
041 _aeng
100 _aBruce-Novoa, Juan
245 0 _aOnly the good times
264 _a[Washington, Estados Unidos] :
_bArte Público Press,
_c2017
300 _a288 páginas
650 _aNorth American narrative
856 _uhttps://public.digitaliapublishing.com/a/47259
942 _cCF
999 _c74628
_d74628